000 00699nam a2200229Ia 4500
003 OSt
005 20240924145608.0
008 210716s2003 xx 000 0 und d
020 _a0070597154
040 _cAIMIT LIBRARY
041 _aeng
082 _a382
_24
_bASWK
100 _aAswathappa, K.
_9180140
245 _aInternational business /
_cBy K Aswathappa.
250 _a4th ed.
260 _aNew Delhi :
_bTata McGraw Hill Education Private Limited ,
_c2003.
300 _axxxv,773p. ;
_bPB
_c24.6 cm
650 _aGlobal trade and its theories
_9180141
650 _aForeign direct investment
_9180142
650 _aWorld trade organisation
_9180143
942 _2ddc
_cBK
_e4th
_k382 ASWK
999 _c207007
_d207007